1200 Notes quotes and anecdotes / (Record no. 5780)

MARC details
000 -LEADER
fixed length control field 00548nam a22002057a 4500
003 - CONTROL NUMBER IDENTIFIER
control field GBCCL
005 - DATE AND TIME OF LATEST TRANSACTION
control field 20241126110549.0
008 - FIXED-LENGTH DATA ELEMENTS--GENERAL INFORMATION
fixed length control field 180406b ||||| |||| 00| 0 eng d
020 ## - INTERNATIONAL STANDARD BOOK NUMBER
International Standard Book Number 817086125x
040 ## - CATALOGING SOURCE
Transcribing agency gbc
082 ## - DEWEY DECIMAL CLASSIFICATION NUMBER
Classification number 251
Item number NAI
100 ## - MAIN ENTRY--PERSONAL NAME
Personal name Naismith, A.
9 (RLIN) 10469
245 ## - TITLE STATEMENT
Title 1200 Notes quotes and anecdotes /
Statement of responsibility, etc. A. Naismith
250 ## - EDITION STATEMENT
Edition statement Ind. 2nd Reprint
260 ## - PUBLICATION, DISTRIBUTION, ETC.
Place of publication, distribution, etc. Bangalore:
Name of publisher, distributor, etc. Asian Trading Corporation,
Date of publication, distribution, etc. 1991
300 ## - PHYSICAL DESCRIPTION
Extent 236 p.;
Dimensions 22 cm.
650 ## - SUBJECT ADDED ENTRY--TOPICAL TERM
Topical term or geographic name entry element Quotations
Form subdivision English
9 (RLIN) 10470
650 ## - SUBJECT ADDED ENTRY--TOPICAL TERM
Topical term or geographic name entry element Preaching
9 (RLIN) 404
942 ## - ADDED ENTRY ELEMENTS (KOHA)
Source of classification or shelving scheme Dewey Decimal Classification
Koha item type Books
Holdings
Withdrawn status Lost status Source of classification or shelving scheme Damaged status Not for loan Home library Current Library Shelving location Date acquired Total checkouts Full call number Barcode Date last seen Copy number Price effective from Koha item type
    Dewey Decimal Classification     GRACE BIBLE COLLEGE GRACE BIBLE COLLEGE Ministry & Mission 2018-04-06   251 NAI 003761 2025-05-01 c.1 2018-04-06 Books
    Dewey Decimal Classification     GRACE BIBLE COLLEGE GRACE BIBLE COLLEGE Ministry & Mission 2018-07-27   251 NAI 003768 2025-05-01 c.2 2018-07-27 Books
© Grace Bible College Library 2025